[Event "Bundesliga 0809"]
[Site "Germany"]
[Date "2009.03.28"]
[Round "14.4"]
[White "Hracek, Zbynek"]
[Black "Schneider, Ilja"]
[Result "1-0"]
[WhiteElo "2613"]
[BlackElo "2486"]
[Annotator "Hracek/Meyer,CD"]
[PlyCount "61"]
[EventDate "2008.10.03"]
[EventType "team-tourn"]
[EventRounds "15"]
[EventCountry "GER"]
[SourceTitle "CBM 130"]
[Source "ChessBase"]
[SourceDate "2009.05.20"]
[SourceVersion "1"]
[SourceVersionDate "2009.05.20"]
[SourceQuality "1"]
[WhiteTeam "Werder Bremen"]
[BlackTeam "Berlin SF"]
[WhiteTeamCountry "GER"]
[BlackTeamCountry "GER"]

1. e4 Nc6 2. Nf3 f5 $2 {"!!?", Schneider. Dieser die sogenannte
"Colorado-Verteidigung" einleitende, antipositionelle Zug wurde von einem
Amerikaner namens Root in den 70er Jahren auf internationalen Turnieren
gespielt. Wenn schon extravagant (а la Nimzowitsch) und nicht 2...e5, so
kommen 2...e6, 2...d6 oder 2...d5 eher in Betracht. Der vermeintliche
Überraschungseffekt des jungen Berliners erweist sich bei dem erfahrenen
Hracek schnell als Rohrkrepierer.} 3. exf5 d5 4. Bb5 $5 {"!", Hracek} ({
Zwei Alternativen: I} 4. d4 $5 Bxf5 5. Bb5 Nf6 6. Ne5 Qd6 7. O-O Nd7 8. Bf4
Ndxe5 9. Bxe5 Qg6 10. Qf3 $5 Rc8 (10... Be4 11. Qh3 Bf5 12. Bxc6+ bxc6 13. Qb3
Rc8 14. Nd2 $16) (10... Bxc2 11. Nd2) (10... Bd7 11. Bxc7) 11. Re1 $16) ({II} 
4. Nh4 $6 e5 5. Qh5+ g6 6. fxg6 Nf6 7. g7+ Nxh5 8. gxh8=Q Qxh4 $44) 4... Bxf5
5. Ne5 $16 a6 (5... Qd6 6. d4 Nf6 7. O-O {ist Zugumstellung zu 4.d4, siehe oben
}) 6. Bxc6+ ({Stärker als} 6. Nxc6 $143 Qd7 7. d4 bxc6 8. Bd3 e6) 6... bxc6 7.
d4 Nf6 8. O-O c5 ({Um sein Spiel zu befreien und den Vorpostenspringer auf e5
abzuschütteln, gibt Schwarz einen der Doppelbauern preis. Die folgenden
Alternativen sind auch nicht besser: I} 8... e6 {impliziert ebenfalls ein
Bauernopfer, welches Weiß aber auch gut ablehnen kann:} 9. c4 $5 ({auch} 9.
Nxc6 Qc8 (9... Qd6 10. Ne5 Nd7 11. Bf4 (11. c4)) 10. c4 $5 dxc4 11. Ne5) 9...
dxc4 (9... Bd6 10. Nxc6) 10. Qa4 Be4 11. Nc3 Qxd4 (11... Bd5 12. Nxc6 Qd7 13.
Nxd5 Qxd5 (13... exd5 $4 14. Re1+) 14. Ne5+) 12. Nxc6 Qd7 13. Nxe4 Nxe4 14. Rd1
Bd6 (14... Nd6 15. Bg5 h6 16. Bf4 Be7 17. Rac1 O-O 18. Rxc4) 15. Be3 O-O 16.
Qxc4 {und mit seinen vier Bauerninseln steht Schwarz eine schwere Verteidigung
bevor.}) ({II} 8... Qd6 {gibt Weiß diverse attraktive Möglichkeiten, z.B.:} 9.
Re1 (9. c4) (9. Bf4) 9... Nd7 10. Qf3 $1 g6 (10... Bxc2 $4) 11. b3 Nxe5 12.
Rxe5 Qf6 13. Qc3) 9. dxc5 e6 10. Be3 Nd7 11. Nxd7 Qxd7 12. Bd4 Rb8 $6 ({
Schwarz leitet einen gänzlich ungeeigneten Plan ein und verliert nur Zeit.
Statt dessen hätte er besser mit} 12... Be7 {seine mutige Linie einhalten
sollen, was mit den Ideen 0-0 und/oder Bf6 einen Test wert gewesen wäre, z.B.:}
13. Nd2 $5 ({Der Griff nach dem zweiten Bauern} 13. Bxg7 {erscheint
zweischneidig bzw. unnötig riskant:} Rg8 14. Be5 Bxc5 15. Nd2 O-O-O) 13... O-O
(13... Bf6 14. Nf3 Bg4 15. Bxf6 gxf6 (15... Bxf3 16. Qxf3 O-O 17. Qg4 Rxf6 18.
Qd4 Raf8 19. g3) 16. Re1 $16 Rg8 (16... e5 $2 17. Nxe5 fxe5 18. Rxe5+ Kf7 19.
Qd4 $18) (16... Bh5 17. Qe2 Bf7 18. Nd4 e5 19. f4 e4 20. Rad1 O-O 21. c4) (
16... Rd8 17. Qd4 Qg7 18. Qa4+ Kf8 19. Re3) 17. Qd3) 14. Nf3 $5 (14. h3 $6 Rab8
15. Nf3 Bf6) 14... Qa4 $5 (14... Bg4 $2 15. Ne5 Bxd1 16. Nxd7 Rfd8 17. Raxd1
Rxd7 18. f4) (14... Qb5 15. Ne5) 15. b3 $5 (15. c3 Qxd1 16. Raxd1 Bg4) 15...
Qa3 16. Ne5 Rfe8 (16... Rfd8 17. g4 Be4 18. f3 Bg6 19. Nxg6 hxg6 20. Re1) (
16... Bf6 17. Re1) 17. Qh5 $5 Rf8 (17... g6 18. Qd1 Bxc5 19. Nd7) 18. Qe2 Bf6
19. c3 $16) 13. Nd2 Rb4 $2 ({Steuert geradewegs in den Untergang, während} 
13... Be7 $142 {nun weniger Gift als vorher hätte:} 14. Bxg7 (14. Nf3 $16)
14... Rg8 15. Bd4 $16 Bg4 16. Nf3 Qb5 (16... Bh3 17. g3 Bxf1 (17... Bg4 18. h3)
18. Ne5 Qa4 19. Qh5+ Kd8 20. Qf7 $1 $18) (16... Qa4 17. Kh1 Bxf3 18. gxf3 $16)
(16... Rf8 17. Ne5 $16) 17. Re1 Bxc5 18. Bxc5 Qxc5 19. Qd3 $16) 14. Nb3 $6 (14.
Nf3 $1 $18 {hätte den vorwitzigen Turmzug auf der Stelle elegant widerlegt:}
Bg4 15. Qd2 $1) 14... Kf7 15. Qd2 Rc4 (15... Rb8 16. Qc3 $16) 16. c3 Be7 $2 (
16... Ra4 17. Rfe1) 17. Na5 Ra4 18. b4 Rb8 19. a3 {Angesichts des
eingesperrten Turms und fehlenden Gegenspiels ist Schwarz natürlich völlig
verloren.} Kg8 20. Rfe1 Rxa5 (20... Rb5 21. Qe2 Raxa5 22. bxa5 Rxa5 23. g4 $18)
21. bxa5 Qb5 22. Qf4 $18 Qxa5 23. g4 Be4 24. Qe5 Bf8 25. Qxe6+ Kh8 26. f3 $1 {
Indem der Re1 in den Angriff eingebunden wird, forciert Weiß ein ansprechendes
Finale.} Bxf3 27. Rf1 Be4 28. Rxf8+ $1 Rxf8 29. Qe7 Rg8 30. Rf1 h6 (30... Qb5
31. Qxg7+ Rxg7 32. Rf8#) 31. Rf8 1-0

[Event "Linares zt"]
[Site "Linares"]
[Date "1995.??.??"]
[Round "7"]
[White "Illescas Cordoba, Miguel"]
[Black "Miles, Anthony John"]
[Result "1-0"]
[WhiteElo "2620"]
[BlackElo "2600"]
[Annotator "Illescas Cordoba,M"]
[PlyCount "59"]
[EventDate "1995.11.??"]
[EventType "swiss"]
[EventRounds "11"]
[EventCountry "ESP"]
[SourceTitle "CBM 051"]
[Source "ChessBase"]
[SourceDate "1996.04.01"]
[SourceVersion "1"]
[SourceVersionDate "1996.04.01"]
[SourceQuality "1"]

1. e4 {Blatny,P} Nc6 2. Nf3 d6 3. d4 Nf6 4. Nc3 Bg4 5. Be3 (5. d5 $5 {Blatny,P}
Nb8 (5... Ne5 6. Nxe5 $1 Bxd1 7. Bb5+ c6 8. dxc6 dxe5 9. c7+ Qd7 10. Bxd7+ Kxd7
11. Kxd1 $14) 6. Be2 g6 7. Bg5 Bxf3 8. Bxf3 Bg7 9. O-O (9. Qe2 $142 $14) 9...
O-O 10. a4 a5 11. Re1 Nbd7 12. Be2 c6 13. Ra3 Nc5 $36 {Garbett,P-Miles,A/
Auckland (07)/1992/}) (5. Be2 {Blatny,P} e6 6. d5 exd5 7. exd5 Bxf3 8. gxf3 $5
Ne5 9. Be3 Be7 10. Qd2 O-O 11. O-O-O c5 12. Rdg1 Ne8 13. f4 Nd7 14. Ne4 a6 15.
f5 Ndf6 16. Ng5 $14 {Timoshenko,G-Miles,A/Moscow GMA-qual f (10)/1990/}) 5...
e6 6. h3 (6. Be2 Be7 7. O-O O-O 8. Re1 d5 9. h3 Bh5 10. e5 Nd7 11. Qd2 Nb6 12.
b3 Bg6 13. Bd3 Qd7 14. Ne2 Nb4 15. Bxg6 fxg6 $1 16. c3 Na6 17. Bg5 Ba3 18. Qc2
Rac8 19. b4 Rxf3 $5 20. gxf3 Rf8 21. Kg2 Qf7 22. Qd3 Nc4 23. Bc1 Bxc1 24. Raxc1
Nb8 25. h4 Nc6 $44 {Rodriguez,Am-Miles,A/Palma GMA-op (06)/1989/}) 6... Bh5 7.
d5 $1 {So behandelt mein Landsmann Jordi Magem Miles' Lieblingsvariante. Die
Statistik spricht eindeutig für Weiß.} (7. Bb5 a6 8. Ba4 Nd7 $1 9. d5 Na5 10.
Qe2 b5 11. Bb3 e5 12. a3 Nxb3 13. cxb3 Be7 14. b4 O-O 15. g4 Bg6 16. Nd2 Nb6
17. b3 Rc8 18. a4 c6 $132 {Tseshkovsky,V-Miles,A/Palma GMA-op (08)/1989/}) (7.
Qe2 d5 8. g4 Bg6 9. exd5 Nxd5 10. a3 h5 $1 11. Nxd5 Qxd5 12. Bg2 hxg4 13. hxg4
Rxh1+ 14. Bxh1 O-O-O $15 {Hernandez,Gi-Miles,A/Sevilla op (09)/1994/}) (7. Be2
Be7 8. Nd2 Bg6 9. O-O d5 10. e5 Nd7 11. f4 Nb4 12. Rc1 c5 13. dxc5 Nxe5 $5 14.
fxe5 d4 15. Nde4 dxc3 16. Nxc3 Qb8 $1 17. Qd4 Nc6 18. Bb5 O-O 19. Bxc6 bxc6 20.
b3 Qc7 $10 {De Wit,M-Miles,A/Oostende op (04)/1992/}) 7... Ne7 {Ein
origineller Springerrückzug, mit dem ich vorher jedoch gerechnet und ihn vor
der Partie analysiert hatte.} (7... Ne5 8. Bb5+ $1) (7... exd5 8. exd5 Ne5 9.
g4 Nxf3+ 10. Qxf3 Bg6 11. O-O-O a6 12. Bd4 Be7 13. h4 h6 14. Qe2 b5 15. a3 Kf8
16. f4 h5 17. f5 Bh7 18. g5 Ng4 19. Qf3 $16 Bxg5+ $5 $8 20. hxg5 Qxg5+ 21. Kb1
Qxf5 22. Qg2 Re8 23. Bd3 $16 {Ikonnikov,V-Przewoznik,J/Katowice op (09)/1992/})
8. Bb5+ $1 {Eine Neuerung.} (8. Be2 $10 {Klovans-Miles (Groningen 1992)}) (8.
Be2 exd5 9. exd5 Bxf3 10. Bxf3 Nf5 11. Bg5 Be7 12. O-O O-O 13. Re1 Nd7 14. Bxe7
Nxe7 15. Qd2 Ng6 $10 {Klovans,J-Miles,A (Time)/Groningen (02)/1992/}) 8... c6 (
8... Nd7 {erschien selbst Miles zu surrealistisch.} 9. dxe6 {Blatny,P} fxe6 10.
Bc4 $1 Bxf3 11. Qxf3 (11. gxf3 $5 e5 12. f4 $40) 11... Ne5 12. Qe2 Nxc4 13.
Qxc4 $14) 9. dxc6 bxc6 (9... Nxc6 {führt zu einem für Weiß günstigen
Sizilianer.}) 10. Ba4 {Hier behindert der Läufer enorm die schwarze
Entwicklung, da er den Ne7 an die Verteidigung des Pc6 bindet. /^a4-e8,פe7}
Qc7 {Bereitet Ne7-c8 und Bf8-e7 vor. /\Nc8,Be7} 11. Qe2 $1 {Ich konnte weiter
meiner Heimanalyse folgen. Die lange Rochade wird vorbereitet. Weniger gut
wäre in diesem Sinne} (11. Qd3 {wegen} Bxf3 12. gxf3 g6) 11... Nd7 12. g4 Bg6
13. O-O-O (13. Nd4 Nc5 $1) 13... e5 (13... d5 14. exd5 cxd5 15. Nxd5 $5 exd5
16. Rxd5) (13... Nb6 $5 14. Nb5 cxb5 15. Qxb5+ Nd7 16. Ne5 O-O-O) (13... O-O-O
14. Qa6+ Kb8 15. Rxd6 Qxd6 16. Nb5 $18) (13... Nb6 14. Bxb6 axb6 (14... Qxb6
15. Rxd6) 15. Nb5 $18 (15. Nb5 $1 cxb5 16. Qxb5+ $18)) 14. Qc4 {/\Nb5} (14. Nh4
$5 Nc8 $2 (14... Rb8 $142 15. Nxg6 hxg6 16. Qa6 $16) 15. Qc4 Nc5 16. Bxc5 dxc5
17. Qd5 {1-0 wurde an einem der Nebenbretter, wo Schwarz zu meinem Erstaunen
Miles kopierte, in Apicella-David gespielt. Der Textzug ist aber sicher nicht
schlechter als Apicellas 14.Nh4, er droht vernichtend 15.Nb5.}) 14... Rc8 (
14... Nb6 $6 15. Bxb6 (15. Nd5 $5) 15... axb6 16. Nd5 (16. Nb5 $18) 16... Qb7
17. Nxe7 b5 18. Qxc6+ Qxc6 19. Nxc6 Rxa4 20. Nfxe5 $1) 15. Nh4 $5 (15. Rd2 $5 {
/\16.Rhd1+/-} f6 (15... Nb6 16. Bxb6 axb6 17. Rhd1 b5 18. Bxb5 cxb5 19. Qxc7
Rxc7 20. Nxb5 $18) 16. Rhd1 Bf7 17. Qa6 Ng6 18. Qxa7 Qxa7 19. Bxa7 Be7 20. Be3)
(15. Rd2 {/\Rhd1 <->d,קd6}) 15... Nb6 16. Bxb6 (16. Qa6 Nxa4 17. Qxa4) 16...
axb6 17. Rd3 $1 {Wahrscheinlich gewinnt auch} (17. Nb5 cxb5 18. Qxb5+ Nc6 19.
Nxg6 hxg6 20. Rd3 {/\21.Rc3 Kd7 22.R:c6! Q:c6 23.Qb3 /\Rc3} Be7 (20... Qb7 $1 {
Blatny,P} 21. Rhd1 f6 $13) 21. Rc3 Kd7 22. Rd1 (22. Rxc6 Qxc6 23. Qb3 $18)
22... Qb7 23. Qxe5 {aber der Textzug, der dieses Abspiel vorbereitet, ist
übersichtlicher.}) 17... d5 {Schwarz muß den Fehdehandschuh aufnehmen.} (17...
b5 18. Nxb5 (18. Bxb5 cxb5 19. Qxc7 Rxc7 20. Nxb5 Rc6 21. Nxd6+ Rxd6 $8 22.
Rxd6 Bxe4 23. Re1 $18 {Pa+b+c _|_}) 18... cxb5 19. Qxb5+ Nc6 20. Rc3 (20. Nxg6
hxg6 21. Rc3 Kd7 22. Rxc6 $18) 20... Kd7 21. Rxc6 Qxc6 22. Qb7+) (17... f6 18.
Nxg6 hxg6 19. Rhd1 b5 20. Nxb5 cxb5 21. Bxb5+ Nc6 22. Qe6+ $18 {bietet keine
Überlebenschancen.}) 18. exd5 Bxd3 19. Qxd3 Rd8 {Zwei naheliegende
Alternativen illustrieren die traurige schwarze Lage:} (19... Qd7 20. Rd1 b5
21. Nxb5 Nxd5 22. Qf5 $1 Bc5 23. Rxd5 Qxf5 24. Nxf5 cxd5 (24... cxb5 25. Bxb5+
Kf8 26. Ba6 $18) 25. Nbd6+ Kd8 26. Nb7+ Kc7 27. Nxc5 $18) (19... Qd6 20. Nf5
Qd7 21. Nxe7 Bxe7 22. Bxc6 Rxc6 23. dxc6 $16) 20. Rd1 g6 {Letztlich scheint
Schwarz doch noch zur Rochade zu kommen, oder?!} 21. d6 Bh6+ 22. Kb1 Qb8 (22...
Qb7 {stellt keine allzugroßen Anforderungen an die weiße Technik:} 23. Qe2 O-O
24. dxe7 Qxe7 25. Nf3 Rxd1+ 26. Nxd1 b5 27. Bb3 Rd8 28. Nc3 Bg7 29. Ne4 $18)
23. Ne4 $1 {Die Drohung 24.Nf6+ versetzt Schwarz in höchsten Alarmzustand.} b5
$6 (23... Bg7 24. Qf3 (24. d7+ $5) 24... b5 25. Nf6+ Bxf6 26. Qxf6 O-O 27. Bb3
Nd5 (27... Rd7 28. Rd3 $18) 28. Bxd5 cxd5 29. Nf5 $1 gxf5 30. gxf5) (23... O-O
{Einzig damit konnte Schwarz noch Widerstand leisten, selbst wenn der klare
weiße Vorteil nach} 24. dxe7 Rxd3 25. exf8=Q+ Qxf8 26. cxd3 $1 {außer Frage
steht.} (26. Rxd3 $2 Qb4 27. Nc3 Qf4 $13)) 24. Nf6+ Kf8 25. dxe7+ Kxe7 26. Nd7
$1 $18 {Erledigt!} bxa4 (26... Qc7 27. Qa3+ c5 28. Bxb5 $18) 27. Nf5+ $1 gxf5
28. Qa3+ Ke6 (28... c5 {zögert das Ende noch etwas hinaus, ändert aber gar
nichts.} 29. Qxc5+ Ke6 30. Qc6+ Ke7 31. gxf5 (31. Qf6+) (31. gxf5 Bg7 32. f6+
$18) (31. Qf6+ $18)) 29. gxf5+ Kxf5 30. Qf3+ (30. Qf3+ Kg6 (30... Bf4 31. Qg4+
Ke4 32. Nc5#) 31. Rg1+ Bg5 32. Qf6+ Kh5 33. Qxg5#) 1-0

[Event "Dresden op 04th"]
[Site "Dresden"]
[Date "1995.07.19"]
[Round "7"]
[White "Chuchelov, Vladimir"]
[Black "Kalinitschew, Sergey"]
[Result "0-1"]
[WhiteElo "2550"]
[BlackElo "2470"]
[Annotator "Kalinitschew,S"]
[PlyCount "90"]
[EventDate "1995.07.??"]
[EventType "swiss"]
[EventRounds "9"]
[EventCountry "GER"]
[SourceTitle "EXT 1997"]
[Source "ChessBase"]
[SourceDate "1996.11.15"]
[SourceVersion "1"]
[SourceVersionDate "1996.11.15"]
[SourceQuality "1"]

1. d4 e6 2. Nf3 b6 3. e4 Bb7 4. Nc3 Bb4 5. Bd3 c5 6. dxc5 Bxc3+ 7. bxc3 bxc5 8.
e5 Qc7 9. O-O f5 10. Re1 Ne7 11. c4 Nbc6 12. a3 O-O 13. Bb2 Ng6 14. Qd2 Nd8 15.
Qe3 Nf7 16. Bc3 Nh6 (16... Bxf3 $1 17. gxf3 (17. Qxf3 Nfxe5 18. Qg3 f4 $17)
17... Qc6 $1 (17... Rab8 18. f4 $13) 18. Rab1 h6 $17 {[%csl Rc3,Rf3,Rg1][%cal
Gf7g5,Gg6h4,Gc6h1]}) 17. h3 (17. Ng5 $1 Ng4 (17... Qc6 18. Qg3) 18. Qg3 h5 19.
f3 h4 20. Qh3 Nh6 21. g3 $5 (21. Rab1 Rab8 22. Rb3 Bc6 $11)) 17... Qc6 18. Rab1
Rac8 19. Rb5 Ba8 20. Bf1 a6 21. Rbb1 Nf7 22. Nd2 f4 23. Qe2 Qa4 $6 (23... Ng5
24. f3 Qc7 $1 (24... Nh4 25. Qf2 Nf5 26. Bd3 Ne3 27. Qh4 h6 28. Qh5) 25. Qf2 (
25. Nb3 $6 Rf5) 25... Nf7 26. Qe2 Rb8 $11) 24. Qd3 Qc6 25. Qe2 Qc7 26. Qh5 Qc6
27. Nf3 Qc7 28. Bd3 Qd8 29. a4 (29. Bxg6 hxg6 30. Qxg6 Bxf3 31. gxf3 Qh4 32.
Qg4 Qh7 33. Rb2 Nh6 34. Qh4 Rb8 35. Reb1 (35. Re4 Qg6+ 36. Kh2 Rxb2 37. Bxb2
Rf5 $36) 35... Rxb2 36. Rxb2 Qf5 37. Kh2 Nf7 $11) 29... Rb8 30. Rbd1 Qe7 31.
Nd2 Nh6 32. Ne4 $4 (32. Bxg6 hxg6 33. Qxg6 f3 $44) 32... Rf5 33. Nf6+ (33. Qe2
f3 34. gxf3 Nf4) 33... Qxf6 $1 34. Bxf5 Qxf5 35. Qxf5 Nxf5 36. Rxd7 Ngh4 37.
Red1 (37. f3 Ne3 $19) 37... Bxg2 38. Rd8+ Rxd8 39. Rxd8+ Kf7 40. Rd7+ Kg8 41.
f3 (41. Ra7 $2 Bxh3 42. Rxa6 (42. Kh2 Bf1 43. Rxa6 Nf3+ 44. Kh1 N5h4) 42...
Nf3+ 43. Kh1 N5h4 $19) 41... Ne3 42. Ra7 Nxf3+ 43. Kf2 Ng5 44. Be1 Kf8 45. Ke2
Nxc2 0-1

[Event "Groningen op"]
[Site "Groningen"]
[Date "1990.??.??"]
[Round "8"]
[White "Bosboom, Manuel"]
[Black "Zagema, Wieb"]
[Result "0-1"]
[WhiteElo "2470"]
[BlackElo "2330"]
[Annotator "King,D"]
[PlyCount "120"]
[EventDate "1990.??.??"]
[EventType "swiss"]
[EventRounds "9"]
[EventCountry "NED"]
[SourceTitle "CBM 022"]
[Source "ChessBase"]
[SourceDate "1991.06.01"]
[SourceVersion "1"]
[SourceVersionDate "1991.06.01"]
[SourceQuality "1"]

1. e4 Nc6 2. Nf3 d6 3. d4 Bg4 4. Bb5 a6 5. Ba4 Nf6 6. c3 (6. c4 $1 Nd7 7. Be3
e5 8. d5 Bxf3 9. Qxf3 Ne7 10. Nc3 Ng6 11. h4 Be7 {Byrne-Dominguez, 1961.} 12.
g3 $1 $16) 6... b5 7. Bc2 e5 8. d5 Nb8 9. a4 $14 bxa4 10. Bxa4+ c6 11. Bg5 Be7
12. dxc6 O-O 13. Bxf6 Bxf6 14. Nbd2 Be6 15. Nf1 Qc7 16. Ne3 Nxc6 17. Nd5 Bxd5
18. Qxd5 Ne7 19. Qa2 Qb7 20. Bc2 Rab8 21. O-O-O Rfd8 22. Rd2 g6 23. Rhd1 Qb6
24. g4 a5 25. h4 a4 26. Qa3 Nc8 27. g5 Be7 28. Rd5 Qc7 29. Bxa4 Nb6 30. Bb3 Ra8
31. Ra5 Nc4 32. Bxc4 Rxa5 33. Qb3 Bf8 34. Bd5 Rb8 35. Qc2 Qa7 36. Qe2 Ra1+ 37.
Kc2 Qa4+ 38. b3 Ra2+ 39. Kd3 Qa6+ 40. Bc4 Rxe2 41. Bxa6 Rxf2 42. Ke3 Rg2 43.
Bc4 Ra8 44. b4 Ra3 45. Kd3 d5 46. Bxd5 Bxb4 47. Nxe5 Rxc3+ 48. Kd4 Rc7 49. Nd3
Bc3+ 50. Ke3 Rh2 51. Kf3 Bd4 52. e5 Rxh4 53. e6 fxe6 54. Bxe6+ Kg7 55. Rb1 Re7
56. Re1 Rh2 57. Re4 Bb6 58. Nb4 Rf2+ 59. Kg3 Rd2 60. Nd5 Rxe6 0-1

[Event "Voskresensk"]
[Site "Voskresensk"]
[Date "1990.??.??"]
[Round "?"]
[White "Ulybin, Mikhail"]
[Black "Mohr, Georg"]
[Result "1/2-1/2"]
[WhiteElo "2500"]
[BlackElo "2450"]
[Annotator "King,D"]
[PlyCount "82"]
[EventDate "1990.07.??"]
[EventType "tourn"]
[EventRounds "11"]
[EventCountry "URS"]
[EventCategory "9"]
[SourceTitle "CBM 019"]
[Source "ChessBase"]
[SourceDate "1990.12.01"]
[SourceVersion "1"]
[SourceVersionDate "1990.12.01"]
[SourceQuality "1"]

1. e4 Nc6 2. d4 d5 3. Nc3 e5 4. Bb5 dxe4 5. d5 a6 6. Ba4 b5 7. Nxb5 axb5 8.
Bxb5 Nge7 9. Bg5 {9.Bg5 is Ulybin's 'improvement' over 9.dc6, played in an
obscure Soviet game. Neither move confers any advantage on white. Much more
critical is 4.dxe4!} f6 10. Be3 Rb8 11. a4 Rxb5 12. axb5 Nd4 13. Bxd4 exd4 14.
Qxd4 Qxd5 15. Ne2 Qxb5 16. Nc3 Qc6 17. O-O-O g6 18. Rhe1 Bh6+ 19. Kb1 Kf7 20.
Rxe4 Bf5 21. Qc4+ Qxc4 22. Rxc4 c6 23. Ne4 Bxe4 24. Rxe4 f5 25. Rb4 Bg7 26. Rb7
Be5 27. g3 g5 28. Ka2 h5 29. Rdd7 Re8 30. b4 Ke6 31. c4 g4 32. Kb3 f4 33. Rd1
fxg3 34. fxg3 Nf5 35. b5 Nd4+ 36. Kb4 cxb5 37. cxb5 Rc8 38. Rb6+ Kd5 39. Rh6
Rc2 40. Rxh5 Rb2+ 41. Ka4 Ra2+ 1/2-1/2

[Event "Copenhagen K41"]
[Site "Copenhagen"]
[Date "1995.??.??"]
[Round "6"]
[White "Mortensen, Erling"]
[Black "Kjeldsen, Jens"]
[Result "1-0"]
[WhiteElo "2500"]
[BlackElo "2410"]
[Annotator "King,D"]
[PlyCount "46"]
[EventDate "1995.06.??"]
[EventType "tourn"]
[EventRounds "9"]
[EventCountry "DEN"]
[EventCategory "10"]
[SourceTitle "CBM 048"]
[Source "ChessBase"]
[SourceDate "1995.10.01"]
[SourceVersion "1"]
[SourceVersionDate "1995.10.01"]
[SourceQuality "1"]

1. e4 Nc6 2. d4 e5 3. dxe5 Nxe5 4. f4 Nc6 5. Nf3 Bb4+ 6. Bd2 Bxd2+ 7. Qxd2 d6
8. Nc3 Bg4 9. O-O-O Bxf3 10. gxf3 Qh4 11. Rg1 g6 12. Bc4 Nge7 13. Nd5 Nxd5 14.
Bxd5 O-O 15. Rg4 Qf6 16. h4 Ne7 17. h5 Kh8 18. Rh1 Nxd5 19. Qxd5 c6 20. Qd2 Rg8
21. Rg5 Rae8 22. Kb1 {White has done everything right on the kingside: Black
is tied to the defence. However, before launching the next assault, White
takes time out to improve his K position; a prudent decision. Black can do
nothing in particular, so why not? As it turns out, Black can't stand the heat,
and makes a blunder.} Rg7 23. a3 Kg8 {24 h6 + -} 1-0

[Event "YUG-ch"]
[Site "Podgorica"]
[Date "1996.??.??"]
[Round "11"]
[White "Maksimovic, Branimir"]
[Black "Filipovic, Branko"]
[Result "1/2-1/2"]
[WhiteElo "2375"]
[BlackElo "2435"]
[Annotator "King,D"]
[PlyCount "149"]
[EventDate "1996.02.??"]
[EventType "tourn"]
[EventRounds "15"]
[EventCountry "YUG"]
[EventCategory "9"]
[SourceTitle "CBM 053"]
[Source "ChessBase"]
[SourceDate "1996.08.01"]
[SourceVersion "1"]
[SourceVersionDate "1996.08.01"]
[SourceQuality "1"]

1. d4 b6 2. e4 Bb7 3. Bd3 e6 4. Nc3 Nf6 5. Bg5 h6 6. Bh4 Bb4 7. Qf3 c5 8. a3
Bxc3+ 9. bxc3 c4 10. Bxf6 gxf6 11. Bf1 f5 12. Qg3 Bxe4 13. Nf3 d5 14. Qg7 Rf8
15. Qxh6 Bxf3 16. gxf3 Nc6 17. Be2 Qe7 18. h4 O-O-O 19. h5 Rh8 20. Qe3 e5 21.
f4 f6 22. fxe5 fxe5 23. f4 e4 24. Kd2 Rdg8 25. a4 Kb7 26. Rhg1 Nd8 {White has
problems. Black's knight is a better piece than the bishop; it threatens to
come to e6 to presurise the pawn on f4.  The White queen has better things to
do than defend a miserable pawn, so the king takes over the duty.} 27. Qh3 $1
Qf6 28. Ke3 $1 Ne6 29. Qh2 Qh6 30. Qh4 Qf8 31. a5 $2 {It is quite possible
that White was in time trouble, otherwise I can't imagine that he would have
played this. Black uses the b-pawn as a lever to break up White's central pawn
mass, and unsettle the king. I have a feeling that Black should have won this
game.} (31. Rxg8 $1 {followed by pushing the h-pawn and the game is wide open.}
) 31... b5 32. Rxg8 Rxg8 33. h6 Rh8 34. h7 Qg7 35. Rh1 b4 36. a6+ Kb6 37. Kd2
bxc3+ 38. Ke1 Qxd4 39. Qe7 Qd2+ 40. Kf2 Qxf4+ 41. Ke1 Qc1+ 42. Kf2 Qxh1 43.
Qxe6+ Kc5 44. Qe7+ Kb5 45. Bxc4+ dxc4 46. Qe5+ Ka4 47. Qxh8 Qf3+ 48. Kg1 Qd1+
49. Kh2 Qh5+ 50. Kg1 Qg4+ 51. Kh2 Qf4+ 52. Kg2 Qd2+ 53. Kh3 Qh6+ 54. Kg2 Qg5+
55. Kh2 Qh4+ 56. Kg2 Qg4+ 57. Kh2 Qe2+ 58. Kh3 Qf3+ 59. Kh2 Qf2+ 60. Kh3 Qf3+
61. Kh2 Qh5+ 62. Kg2 f4 63. Qg8 f3+ 64. Kf2 Qh2+ 65. Ke3 Qe2+ 66. Kd4 f2 67.
Qe8+ Ka3 68. Qf8+ Ka2 69. h8=Q f1=Q 70. Qxf1 Qxf1 71. Qb8 Qd1+ 72. Kxc3 Qe1+
73. Kxc4 Qe2+ 74. Kc3 Qe3+ 75. Kc4 1/2-1/2

[Event "Taastrup"]
[Site "Taastrup"]
[Date "1990.??.??"]
[Round "2"]
[White "Vogt, Lothar"]
[Black "Hoi, Carsten"]
[Result "1-0"]
[WhiteElo "2500"]
[BlackElo "2445"]
[Annotator "King,D"]
[PlyCount "63"]
[EventDate "1990.02.??"]
[EventType "tourn"]
[EventRounds "9"]
[EventCountry "DEN"]
[EventCategory "9"]
[SourceTitle "CBM 020"]
[Source "ChessBase"]
[SourceDate "1991.02.01"]
[SourceVersion "1"]
[SourceVersionDate "1991.02.01"]
[SourceQuality "1"]

1. e4 Nc6 2. d4 e5 3. dxe5 Nxe5 4. f4 Ng6 5. Nf3 (5. Be3 Bb4+ 6. c3 Ba5 7. Nf3
Bb6 8. Bxb6 axb6 9. f5 {Nunn-Bisguier 1975/6, and now Nunn gives 9...Nh4 10.
Nd4 d5 11.g3 de4 12.gh4 Qh4  .}) 5... Bb4+ (5... Bc5 $5) 6. Nc3 Qe7 7. Bd3 d6
8. O-O Bxc3 9. bxc3 Nf6 10. Ba3 c5 11. e5 dxe5 12. fxe5 Nd7 13. e6 $16 fxe6 14.
Bxg6+ hxg6 15. Qd3 O-O 16. Qxg6 Rxf3 17. gxf3 b6 18. Bc1 Ba6 19. Re1 Nf8 20.
Qg3 Qf6 21. Bf4 Ng6 22. Be5 Qf7 23. Kf2 Bb7 24. Bd6 Nh4 25. Qf4 Nxf3 26. Qxf7+
Kxf7 27. Red1 Kg6 28. a4 Ng5 29. Ke3 Rh8 30. Rg1 Kh5 31. Raf1 Ne4 32. Rf3 1-0